| 000 | 00414nam a2200133Ia 4500 | ||
|---|---|---|---|
| 005 | 20260326235452.0 | ||
| 008 | 260326s9999||||xx |||||||||||||| ||und|| | ||
| 100 | _aChueca Goitia, Fernando | ||
| 245 | 0 |
_aHistoria de la Arquitectura Occidental VIII : _b Barroco en Hispanoamérica, Portugal y Brasil / _cFernando Chueca Goitia |
|
| 260 | _bDossat | ||
| 300 | _a322 p. | ||
| 650 | _aARQUITECTURA REGIONAL | ||
| 942 | _cBK | ||
| 999 |
_c7801 _d7801 |
||